LEADER 01351nam a2200325 u 4500 001 000000074838 003 CaOOAMICUS 005 20101129151439.0 008 021218s1991 gw u000 u ger u 020 $a3110127008 035 $a10949217 040 $aPUL$bita 245 00$aChristentumsgeschichte und Wahreitsbewusstsein :$bStudien zur theologie Emanuel Hirschs /$chrsg. von Joachim Ringleben. 260 $aBerlin :$bDe Gruyter,$c1991. 300 $avi, 254 p. ; 490 1 $aTheologische Bibliothek Töpelmann ;$vBd. 50 504 $aBibliografia in nota. 600 14$aHirsch, Emanuel.$0(OLS)http://pul/subject/26038 650 4$aCristologia.$0(OLS)http://pul/subject/1402 700 1 $aRingleben, Joachim.$0(OLS)http://pul/name/42862 830 0$aTheologische Bibliothek Töpelmann ;$vBd. 50.$0(OLS)http://pul/title/7111 850 $aPUL 852 $aPUL$W1$xDP2 Religione 1$y63$m17 I 50$j96443$nBK-PRI$b $qStampati$B96443$CPULBib$Z2$F96443 $81 941 1 $a8 960 $aIesus Christus$91402 960 $aIesus Christus$91402 961 $aINV: 89299 996 $6020$a3110127008$9(OLS)http://pul/number/97342 996 $6245$aChristentumsgeschichte und Wahreitsbewusstsein :$bStudien zur theologie Emanuel Hirschs$9(OLS)http://pul/title/98188 996 $6260$aBerlin :$bDe Gruyter$9(OLS)http://pul/publisher/48625 LEADER 01519nam a2200325 u 4500 001 000000046185 003 CaOOAMICUS 005 20070226114739.0 008 990628s1970 it u000 u ita u 035 $a10828281 040 $aPUL(R)$bita 100 1 $aCeccuti, Cosimo.$0(OLS)http://pul/name/33623 245 13$aIl Concilio Vaticano I nella stampa italiana :$b(1868-1870) /$cCosimo Ceccuti ; prefazione di Giovanni Spadolini. 260 $aRoma :$bEdizioni Cinque Lune,$cc1970. 300 $axxiii, 352 p. ;$c21 cm 490 1 $aCollana di storia del movimento cattolico ;$v28 500 $a"Indice": pp. 337-342. 504 $aBibliografia in nota. 611 24$aConcilium Vaticanum$n(1 :$d1869-1870).$0(OLS)http://pul/subject/1225 700 1 $aSpadolini, Giovanni,$d1925-1994.$0(OLS)http://pul/name/739 830 0$aCollana di storia del movimento cattolico ;$v28.$0(OLS)http://pul/title/541 850 $aPUL 852 $aPUL$W1$xSL Religione 1$y3$m30 G 39$j61972$nBK-PRI$b $qStampati$B61972$CPULBib$Z2$F61972 $H $81 852 $aPUL$W1$xDP1 Fondo Maccarrone$y58$m1512 F 2$j146026$a2. copia$qFondi$B144725$CPULBib$Z2$F144725 $H02810 $82 941 1 $a8 941 1 $a1 960 $aConcilio Vaticano I (1869-1870) $91225 961 $aINV: 33762 996 $6245$aIl Concilio Vaticano I nella stampa italiana :$b(1868-1870)$9(OLS)http://pul/title/62237 996 $6260$aRoma :$bEdizioni Cinque Lune$9(OLS)http://pul/publisher/49219